Les 30 personnages les plus cités de Harry Potter - Statistiques

Statistiques générales
  • Ce quiz a été pris 4 026 fois
  • Le résultat moyen est 23 sur 30
Statistiques - réponses
Nombre Personnage % Correct
18956 Harry Potter
100%
5486 Hermione Granger
100%
6464 Ron Weasley
99%
2421 Albus Dumbledore
98%
1797 Voldemort
96%
1956 Severus Rogue
93%
1198 Drago Malefoy
92%
770 Minerva McGonagall
92%
2024 Rubeus Hagrid
92%
1471 Sirius Black
90%
920 Fred Weasley
89%
821 George Weasley
89%
771 Ginny Weasley
88%
810 Neville Londubat
85%
864 Remus Lupin
84%
356 Luna Lovegood
83%
722 Molly Weasley
81%
780 Arthur Weasley
78%
469 Dobby
70%
637 Dolores Ombrage
67%
353 Cedric Diggory
63%
426 Percy Weasley
63%
486 Peter Pettigrow
62%
583 Alastor Maugrey
61%
467 Dudley Dursley
58%
314 Petunia Dursley
56%
530 Vernon Dursley
54%
493 Cornelius Fudge
44%
432 Horace Slughorn
32%
312 Kreattur
24%
Aucun quiz correspondant
Distribution des résultats
% des personnes avec chaque résultat
Percentile par nombre de réponses
Votre historique - résultats
Vous n’avez pas pris ce quiz